000 01307nam a2200313 a 4500
001 000003948
003 DO-SdBNP
005 20221010115809.0
008 090715s1998 dr 000 0 eng d
020 _a9788492184590
040 _aDO-SdBNP
_bspa
_cBPMSU
082 _a301.98
_bG643d 1998
_222
100 1 _aGonzález Oquendo, Luis J.
245 1 3 _aEl desarrollo de las ciencias sociales en América Latina :
_bcontribuciones a un balance /
_cLuis J. González Oquendo, Aymará Hernández Morales ; editor Sergio Villena Fiengo.
260 _aSanto Domingo :
_bFLASCO : Secretaría General CRESALC/UNESCO,
_c1998.
300 _a118 p. ;
_c22 cm.
500 _aConcurso latinoamericano de ensayo XL Aniversario de la creación de FLASCO
504 _aIncluye referencias bibliográficas y notas al pie de las páginas
590 _aInventariado, 2018/VM
650 4 _aCiencias sociales
_zAmérica Latina
650 4 _aSociología
_zAmérica Latina
651 4 _aAmerica Latina
_xCondiciones sociales.
700 1 2 _aHernández Morales, Aymará
700 1 2 _aVillena Fiengo, Sergio,
_eed.
710 2 _aFacultad Latinoamericana de Ciencias Sociales
710 2 _aOrganización de las Naciones Unidas para la Educación, la Ciencia y la Cultura
910 _aVMateo V./Validado
942 _2ddc
_cBK
999 _c14306
_d14306